A zsidó felvilágosodás és a modernitás kapcsolata [absztrakt] /

Elmentve itt :
Bibliográfiai részletek
Szerző: Domokosné Hegedűs Szabina
Testületi szerző: Szegedi Történészhallgatók Egyesületének konferenciája (6.)
Dokumentumtípus: Könyv része
Megjelent: Belvedere Meridionale Szeged 2024
Sorozat:Szegedi Történészhallgatók Egyesületének Konferenciái 6
Kulcsszavak:Zsidóság - előadáskivonat, Zsidó vallás - előadáskivonat
Tárgyszavak:
Online Access:http://acta.bibl.u-szeged.hu/86121
LEADER 01048naa a2200241 i 4500
001 acta86121
005 20250109085318.0
008 250109s2024 hu o 100 hun d
020 |a 978-615-6060-84-6 
040 |a SZTE Egyetemi Kiadványok Repozitórium  |b hun 
041 |a hun 
100 2 |a Domokosné Hegedűs Szabina 
245 1 2 |a A zsidó felvilágosodás és a modernitás kapcsolata   |h [elektronikus dokumentum] :  |b [absztrakt] /  |c  Domokosné Hegedűs Szabina 
260 |a Belvedere Meridionale  |b Szeged  |c 2024 
300 |a 17 
490 0 |a Szegedi Történészhallgatók Egyesületének Konferenciái  |v 6 
650 4 |a Társadalomtudományok 
650 4 |a Szociológia 
650 4 |a Bölcsészettudományok 
650 4 |a Történettudomány és régészet 
695 |a Zsidóság - előadáskivonat, Zsidó vallás - előadáskivonat 
711 |a Szegedi Történészhallgatók Egyesületének konferenciája (6.)  |c Szeged  |d 2024. április 18-19. 
856 4 0 |u http://acta.bibl.u-szeged.hu/86121/1/SZETE_absztraktkotet_006_017.pdf  |z Dokumentum-elérés